| 000 | 01297nam a2200337 i 4500 | ||
|---|---|---|---|
| 005 | 20220203142122.0 | ||
| 008 | 220203t2021 mnua j ||0 1 eng d | ||
| 020 |
_a9781515882596 _cRM 92.95 _qhardback |
||
| 040 |
_aPPAK _beng _cPPAK _erda |
||
| 082 | 0 | 4 |
_223 _a813.6 |
| 090 | 0 | 0 |
_a813.6 _bFAR _dK |
| 100 | 1 |
_aFaruqi, Saadia, _eauthor. |
|
| 245 | 1 | 0 |
_aYASMIN The Librarian / _cwritten by SAADIA FARUQI ; illustrated by HATEM ALY |
| 264 | 1 |
_aNorth Mankato, Minnesota : _bPicture Window Books, _c[2021] |
|
| 264 | 4 | _c©2021. | |
| 300 |
_a25 pages : _bcolour illustrations ; _c24 cm. |
||
| 336 |
_2rdacontent _atext |
||
| 337 |
_2rdamedia _aunmediated |
||
| 338 |
_2rdacarrier _avolume |
||
| 490 | 1 | _aYASMIN | |
| 520 | _aIt is library day and helper Yasmin is busy shelving books, but suddenly she discovers that her own special book is missing prompting her to calmly retrace her steps. | ||
| 600 | 0 |
_aYasmin (Fictitious character) _vJuvenile fiction. |
|
| 650 | 1 | 0 |
_aLibraries _vJuvenile fiction. |
| 650 | 2 | 0 |
_aLost articles _vJuvenile fiction. |
| 650 | 2 | 0 |
_aSchools _vJuvenile fiction. |
| 650 | 2 | 0 |
_aPakistani Americans _vJuvenile fiction. |
| 650 | 2 | 0 |
_aMuslims _z United States _vJuvenile fiction. |
| 700 | 1 |
_aAly, Hatem, _eillustrator. |
|
| 830 | 0 | _aYasmin | |
| 942 |
_2ddc _cB |
||
| 999 |
_c187344 _d187344 |
||